<?xml version="1.0" encoding="UTF-8"?>
<record
    xmlns:xsi="http://www.w3.org/2001/XMLSchema-instance"
    xsi:schemaLocation="http://www.loc.gov/MARC21/slim http://www.loc.gov/standards/marcxml/schema/MARC21slim.xsd"
    xmlns="http://www.loc.gov/MARC21/slim">

  <leader>03038nam a2200541Ia 4500</leader>
  <controlfield tag="001">62</controlfield>
  <controlfield tag="008">241029s9999    xx            000 0 und d</controlfield>
  <datafield tag="010" ind1=" " ind2=" ">
    <subfield code="a">51</subfield>
  </datafield>
  <datafield tag="041" ind1=" " ind2=" ">
    <subfield code="a">Espa&#xF1;ol</subfield>
  </datafield>
  <datafield tag="082" ind1=" " ind2=" ">
    <subfield code="a">NO APLICA</subfield>
  </datafield>
  <datafield tag="245" ind1=" " ind2="0">
    <subfield code="a">Pr&#xE1;cticas administrativas y de liderazgo desarrolladas por los directores de los Centro Educativos de B&#xE1;sica: Baitoita y Mar&#xED;a Auxiliadora del Distrito Educativo 01-03 de Barahona 2012-2013</subfield>
  </datafield>
  <datafield tag="260" ind1=" " ind2=" ">
    <subfield code="a">Barahona</subfield>
  </datafield>
  <datafield tag="300" ind1=" " ind2=" ">
    <subfield code="a">108</subfield>
  </datafield>
  <datafield tag="520" ind1=" " ind2=" ">
    <subfield code="a">15</subfield>
  </datafield>
  <datafield tag="630" ind1=" " ind2=" ">
    <subfield code="a">Administraci&#xF3;n Escolar</subfield>
  </datafield>
  <datafield tag="630" ind1=" " ind2=" ">
    <subfield code="a">Liderazgo</subfield>
  </datafield>
  <datafield tag="630" ind1=" " ind2=" ">
    <subfield code="a">Pr&#xE1;ctica Docente</subfield>
  </datafield>
  <datafield tag="650" ind1=" " ind2=" ">
    <subfield code="a">Liderazgo</subfield>
  </datafield>
  <datafield tag="690" ind1=" " ind2=" ">
    <subfield code="a">Copiado sin cambios</subfield>
  </datafield>
  <datafield tag="700" ind1=" " ind2=" ">
    <subfield code="e">asesor</subfield>
    <subfield code="a">Concepci&#xF3;n , Jos&#xE9; El&#xED;as </subfield>
  </datafield>
  <datafield tag="700" ind1=" " ind2=" ">
    <subfield code="e">autor</subfield>
    <subfield code="a">Ruiz, Johnny</subfield>
  </datafield>
  <datafield tag="901" ind1=" " ind2=" ">
    <subfield code="a">{"1":"Ruiz"}</subfield>
    <subfield code="b">{"1":"Johnny"}</subfield>
  </datafield>
  <datafield tag="902" ind1=" " ind2=" ">
    <subfield code="a">1</subfield>
  </datafield>
  <datafield tag="903" ind1=" " ind2=" ">
    <subfield code="a">{"1":"Concepci&#xF3;n "}</subfield>
    <subfield code="b">{"1":"Jos&#xE9; El&#xED;as "}</subfield>
  </datafield>
  <datafield tag="904" ind1=" " ind2=" ">
    <subfield code="a">Maestr&#xED;a en</subfield>
  </datafield>
  <datafield tag="905" ind1=" " ind2=" ">
    <subfield code="a">Gesti&#xF3;n de Centros</subfield>
  </datafield>
  <datafield tag="906" ind1=" " ind2=" ">
    <subfield code="a">2</subfield>
  </datafield>
  <datafield tag="907" ind1=" " ind2=" ">
    <subfield code="a">NO APLICA</subfield>
  </datafield>
  <datafield tag="908" ind1=" " ind2=" ">
    <subfield code="a">NO APLICA</subfield>
  </datafield>
  <datafield tag="909" ind1=" " ind2=" ">
    <subfield code="a">Universidad Cat&#xF3;lica Tecnol&#xF3;gica del Cibao (UCATECI)</subfield>
  </datafield>
  <datafield tag="910" ind1=" " ind2=" ">
    <subfield code="a">NULL</subfield>
    <subfield code="b">NULL</subfield>
  </datafield>
  <datafield tag="911" ind1=" " ind2=" ">
    <subfield code="a">["1"]</subfield>
  </datafield>
  <datafield tag="912" ind1=" " ind2=" ">
    <subfield code="a">NO APLICA</subfield>
  </datafield>
  <datafield tag="913" ind1=" " ind2=" ">
    <subfield code="a">NULL</subfield>
  </datafield>
  <datafield tag="914" ind1=" " ind2=" ">
    <subfield code="a">02 de Abril de 2013</subfield>
  </datafield>
  <datafield tag="915" ind1=" " ind2=" ">
    <subfield code="a">21/07/15 12:07</subfield>
  </datafield>
  <datafield tag="916" ind1=" " ind2=" ">
    <subfield code="a">NULL</subfield>
  </datafield>
  <datafield tag="917" ind1=" " ind2=" ">
    <subfield code="a">NULL</subfield>
  </datafield>
  <datafield tag="918" ind1=" " ind2=" ">
    <subfield code="a">NO APLICA</subfield>
  </datafield>
  <datafield tag="919" ind1=" " ind2=" ">
    <subfield code="a">["11","131","162"]</subfield>
  </datafield>
  <datafield tag="520" ind1=" " ind2=" ">
    <subfield code="a">Es un estudio descriptivo y probabil&#xED;stico con el objetivo de analizar las pr&#xE1;cticas administrativas y de liderazgo desarrolladas por &#xA0;los Directores de los &#xA0;Centros de Educaci&#xF3;n B&#xE1;sica, Baitoita y Mar&#xED;a Auxiliadora &#xA0;del Distrito Educativo 01-03 de Barahona. Para tal investigaci&#xF3;n &#xA0;se muestrearon en ambos centros educativos 4 directores, 82 docentes y 319 estudiantes. Los resultados encontrados fueron que las pr&#xE1;cticas administrativas de los directores de los centros de educaci&#xF3;n b&#xE1;sica, Baitoita y Mar&#xED;a Auxiliadora del Distrito Educativo 01-03 de Barahona son las siguientes: organizar y conservar los servicios generales relativos al mantenimiento y producci&#xF3;n gr&#xE1;fica de los documentos, la autorizaci&#xF3;n para la celebraci&#xF3;n de eventos relacionados con las actividades del centro; convocar al personal a &#xA0; reuniones; asesorar sobre t&#xF3;picos educativos; organizar y administrar la supervisi&#xF3;n de registros y acreditaci&#xF3;n conforme al calendario escolar. Se concluy&#xF3; que las pr&#xE1;cticas administrativas de los directores de los centros estudiados van dirigidas a satisfacer las necesidades de los dem&#xE1;s miembros del equipo la valoraci&#xF3;n de opiniones y sugerencias de los dem&#xE1;s compa&#xF1;eros: Evaluar c&#xF3;mo inciden las pr&#xE1;cticas administrativas y de liderazgo desarrolladas por los directores de los centros educativos Baitoita y Mar&#xED;a Auxiliadora &#xA0;en el desempe&#xF1;o de los docentes, se pudo determinar que las pr&#xE1;cticas administrativas y de liderazgo de los directores de los centros estudiados inciden positivamente en el aprendizaje de calidad de los estudiantes.</subfield>
  </datafield>
  <datafield tag="921" ind1=" " ind2=" ">
    <subfield code="a">24</subfield>
  </datafield>
  <datafield tag="922" ind1=" " ind2=" ">
    <subfield code="a">24</subfield>
  </datafield>
  <datafield tag="923" ind1=" " ind2=" ">
    <subfield code="a">0</subfield>
  </datafield>
  <datafield tag="924" ind1=" " ind2=" ">
    <subfield code="a">NO APLICA</subfield>
  </datafield>
  <datafield tag="942" ind1=" " ind2=" ">
    <subfield code="c">Tesis</subfield>
  </datafield>
  <datafield tag="999" ind1=" " ind2=" ">
    <subfield code="c">51</subfield>
    <subfield code="d">51</subfield>
  </datafield>
</record>
